| 000 | 01097cam a22003255a 4500 | ||
|---|---|---|---|
| 001 | 18206230 | ||
| 005 | 20161024133508.0 | ||
| 008 | 140630s2014 enka frb 001 0 eng d | ||
| 020 | _a9780273720829 (print) | ||
| 020 | _a9780273720867 (PDF) | ||
| 020 | _a9780273781134 (etext) | ||
| 040 |
_aDLC _beng _cDLC _dDLC _dEG-ScBUE _dEG-ScBUE |
||
| 082 | 0 | 4 |
_a394.2 _bVEA _222 |
| 100 | 1 |
_aVeal, Anthony James. _938203 |
|
| 245 | 1 | 0 |
_aResearch methods for arts and event management / _cA. J. Veal and Christine Burton. |
| 260 |
_aHarlow : _bPearson Education Limited, _c2014. |
||
| 300 |
_axxiii, 496 p. : _bill. ; _c25 cm. |
||
| 500 | _aIndex : p. 481-496. | ||
| 504 | _aIncludes bibliographical references. | ||
| 650 | 0 |
_aSpecial events _xResearch. _2BUEsh |
|
| 650 | 0 |
_aSpecial events _xManagement. _2BUEsh |
|
| 650 | 0 |
_aSpecial events _xPlanning. _2BUEsh |
|
| 650 | 0 |
_aArts _xManagement. _2BUEsh |
|
| 650 | 0 |
_aArts _xResearch. _2BUEsh |
|
| 651 | _2BUEsh | ||
| 653 |
_bBUSADM _cJune2015 _cMay2016 |
||
| 653 |
_bBUSADM _cOctober2016 |
||
| 700 | 1 | _aBurton, Christine. | |
| 942 |
_2ddc _k394.2 VEA |
||
| 999 |
_c19826 _d19798 |
||